LEADER 01123nam0-22003851i-450- 001 990005444820203316 005 20010829120000.0 035 $a000544482 035 $aUSA01000544482 035 $a(ALEPH)000544482USA01 035 $a000544482 100 $a20010829d1988-------|0enac50------ba 101 $aeng 102 $aUS 105 $a||||Z 1|||| 200 1 $aExploring statistics$fDamaraju Raghavarao 210 $aNew York$cMarcel Dekker$dcopyr. 1988. 276 p. : graf. e tab. ; 23 cm. 225 2$aStatistics$v92 410 1$12001$aStatistics$v92 606 $aStatistica$2FI 620 $dNew York 676 $a519.5$cStatistica matematica$v21 700 1$aRAGHAVARAO,$bDamaraju$0104389 712 $aMarcel Dekker, Inc 801 $aIT$bSOL$c20120104 912 $a990005444820203316 950 $aDIP.TO SCIENZE ECONOMICHE - (SA)$dDS 500 519.5 RAG$e1553 DISES 951 $a500 519.5 RAG$b1553 DISES 959 $aBK 969 $aDISES 979 $c20121027$lUSA01$h1532 979 $c20121027$lUSA01$h1613 996 $aExploring statistics$91143819 997 $aUNISA NUM $aUSA4126